书目信息 |
| 题名: |
现代日用化工产品
|
|
| 作者: | 汪多仁 编著 | |
| 分册: | ||
| 出版信息: | 北京 冶金工业出版社 2000.03 |
|
| 页数: | 680页 | |
| 开本: | 32开 | |
| 丛书名: | ||
| 单 册: | ||
| 中图分类: | TQ072 | |
| 科图分类: | ||
| 主题词: | 化工产品 , 化工产品:副产品 | |
| 电子资源: | ||
| ISBN: | 7-5024-2505-5 | |
| 000 | 00591nam0 2200205 45 | |
| 001 | 0010231619 | |
| 005 | 20001023162629.8 | |
| 010 | @a7-5024-2505-5@d45.00元 | |
| 100 | @a20001023d2000 km y0chiy0120 ea | |
| 101 | 0 | @achi |
| 105 | @a z 000yy | |
| 200 | 1 | @a现代日用化工产品@AXian Dai Ri Yong Hua Gong Chan Pin@f汪多仁编著@FWang Duo Ren Bian Zhu |
| 210 | @a北京@c冶金工业出版社@d2000.03 | |
| 215 | @a680页@d32开 | |
| 606 | 0 | @a化工产品 |
| 606 | 0 | @a化工产品:副产品 |
| 690 | @aTQ072@v3 | |
| 701 | 0 | @a汪多仁@4编著 |
| 801 | @aCN@bPftUser@c20001023 | |
| 905 | @b184192-196@dTQ072@eW702@f5 | |
| 现代日用化工产品/汪多仁编著.-北京:冶金工业出版社,2000.03 |
| 680页;32开 |
| ISBN 7-5024-2505-5:45.00元 |
| ● |
| 相关链接 |
|
|
|
正题名:现代日用化工产品
索取号:TQ072/W702
 
预约/预借
| 序号 | 登录号 | 条形码 | 馆藏地/架位号 | 状态 | 备注 |
| 1 | 184192 | 201841926 | 自科二线504/504自科库 12排2列1层/ [索取号:TQ072/W702] | 在馆 | |
| 2 | 184193 | 201841935 | 材料与化工学院资料室/ [索取号:TQ072/W702] | 在馆 | |
| 3 | 184194 | 201841944 | 材料与化工学院资料室/501自科库 138排8列6层/ [索取号:TQ072/W702] | 在馆 | |
| 4 | 184195 | 201841953 | 自科二线504/504自科库 13排2列2层/ [索取号:TQ072/W702] | 在馆 | |
| 5 | 184196 | 201841962 | 自科库501/501自科库 138排8列6层/ [索取号:TQ072/W702] | 在馆 |